Deviations From Uncovered Interest Parity : A Global Guide to Where the Action Is /

Ex-post deviations from uncovered interest parity (UIP) - realized differences between dollar returns on identical assets of different currencies - equal the real interest differential plus real exchange rate growth. Among industrialized countries, UIP deviations are largely explained by unanticipat...

Celý popis

Podrobná bibliografie
Hlavní autor: Tanner, Evan
Médium: Časopis
Jazyk:English
Vydáno: Washington, D.C. : International Monetary Fund, 1998.
Edice:IMF Working Papers; Working Paper ; No. 1998/117
On-line přístup:Full text available on IMF
LEADER 01830cas a2200241 a 4500
001 AALejournalIMF000697
008 230101c9999 xx r poo 0 0eng d
020 |c 5.00 USD 
020 |z 9781451941647 
022 |a 1018-5941 
040 |a BD-DhAAL  |c BD-DhAAL 
100 1 |a Tanner, Evan. 
245 1 0 |a Deviations From Uncovered Interest Parity :   |b A Global Guide to Where the Action Is /  |c Evan Tanner. 
264 1 |a Washington, D.C. :  |b International Monetary Fund,  |c 1998. 
300 |a 1 online resource (24 pages) 
490 1 |a IMF Working Papers 
500 |a <strong>Off-Campus Access:</strong> No User ID or Password Required 
500 |a <strong>On-Campus Access:</strong> No User ID or Password Required 
506 |a Electronic access restricted to authorized BRAC University faculty, staff and students 
520 3 |a Ex-post deviations from uncovered interest parity (UIP) - realized differences between dollar returns on identical assets of different currencies - equal the real interest differential plus real exchange rate growth. Among industrialized countries, UIP deviations are largely explained by unanticipated real exchange rate growth, but among developing countries, real interest differentials are 'where the action is.' This observation is due to the greater variability of inflation in developing countries, but may also stem from higher and more variable risks and capital controls in these countries. Also, among developing countries with moderate inflation, offsetting comovements of real interest differentials and real exchange growth support the sticky-price hypothesis. 
538 |a Mode of access: Internet 
830 0 |a IMF Working Papers; Working Paper ;  |v No. 1998/117 
856 4 0 |z Full text available on IMF  |u http://elibrary.imf.org/view/journals/001/1998/117/001.1998.issue-117-en.xml  |z IMF e-Library